América Latina: cultura letrada y escritura de la historia.

Сохранить в:
Библиографические подробности
Главный автор: Betancourt Mendieta, Alexander (autor)
Формат: Неизвестно
Опубликовано: Barcelona, España: Anthropos, 2018.
San Luis Potosí, México: Universidad Autónoma de San Luis Potosí, 2018.
Серии:Cuadernos A. Temas de Innovación Social
Предметы:
Метки: Добавить метку
Нет меток, Требуется 1-ая метка записи!

MARC

LEADER 00000 a2200000 4500
003 CL-VaPUC
005 20250121164543.0
008 230313t2018 ||||| |||| 00| 0 eng d
999 |c 440122  |d 440120 
020 |a 978-84-16421-86-2 
040 |c Pontificia Universidad Católica de Valparaíso 
082 |2 22  |a 980 BET 2018 
100 |a Betancourt Mendieta, Alexander  |e autor  |9 880520 
245 |a América Latina: cultura letrada y escritura de la historia. 
260 |a Barcelona, España:  |b Anthropos,   |c 2018. 
260 |a San Luis Potosí, México:  |b Universidad Autónoma de San Luis Potosí,  |c 2018. 
300 |a 189 páginas. 
490 |a Cuadernos A.  |a Temas de Innovación Social  |n  50. 
583 |c 20230313 
650 0 |a Historia de América  |9 266076  |x Cultura letrada   |y Siglos 19 y 20  
651 0 |9 255027  |a América Latina   |x Historiografía   |y Siglos 19 y 20  
651 0 |9 316393  |a Latinoamérica  |v Aspectos culturales  |x Escritura de la Historia  |y Siglos 19 y 20  
942 |2 ddc  |c BK 
952 |0 0  |1 0  |2 ddc  |4 0  |6 980_000000000000000_BET_2018  |7 0  |8 A  |9 588984  |a BIBHIS  |b BIBHIS  |d 2023-03-13  |e 52  |g 17953.51  |i 5656627  |o 980 BET 2018  |p 5656627  |r 2025-01-20  |t 1  |v 17953.51  |w 2023-03-13  |y BK  |k HIS